000
00504nam a2200145Ia 4500
008
090122s9999 xx 000 0 und d
082
_b
10423
100
_a
भोळे
_b
लक्ष्मण/
_c
बेडकिहाळ
245
_a
शतकांतराच्या वळणावर
600
_a
भोळे
630
_a
शतकांतराच्या वळणावर
700
_a
भोळे
730
_a
शतकांतराच्या वळणावर
942
_c
BOOK
999
_c
34500
_d
34500